[Event "FRA-chT U20 GpA 1213"]
[Site "France"]
[Date "2013.01.05"]
[Round "6"]
[White "Allonge, Nicolas"]
[Black "Strohl, Antoine"]
[Result "1-0"]
[WhiteElo "1515"]
[BlackElo "1709"]
[PlyCount "91"]
[EventDate "2012.12.01"]
[EventType "team"]
[EventRounds "7"]
[EventCountry "FRA"]
[SourceTitle "EXT 2014"]
[Source "ChessBase"]
[SourceDate "2013.11.20"]
[SourceVersion "1"]
[SourceVersionDate "2013.11.20"]
[SourceQuality "1"]
[WhiteTeam "Nancy (U20)"]
[BlackTeam "Sainte Foy (U20)"]
[WhiteTeamCountry "FRA"]
[BlackTeamCountry "FRA"]

1. d4 Nf6 2. c4 c5 3. d5 d6 4. Nc3 g6 5. e4 Bg7 6. Bd3 e5 7. Nge2 0-0 8. h3 Na6 9. 0-0 Ne8 10. Ng3 f5 11. exf5 Bxf5 12. Nce4 Bxe4 13. Nxe4 Qd7 14. a3 Nf6 15. Be3 Nxe4 16. Bxe4 b5 17. b3 b4 18. a4 Nc7 19. Bf3 Qe7 20. Ra2 Ne8 21. Re1 Bf6 22. Bg4 h5 23. Bf3 Rf7 24. Be4 Kh7 25. Qxh5+ Kg8 26. Bxg6 Rg7 27. Bh6 Rxg6 28. Qxg6+ Ng7 29. Re3 Qf7 30. Qxf7+ Kxf7 31. Rf3 Rh8 32. Bg5 Ne8 33. Re2 Ke7 34. Bxf6+ Nxf6 35. g4 a5 36. Rg3 Kf7 37. Kg2 Kg6 38. Rf3 e4 39. Rxf6+ Kxf6 40. Rxe4 Rd8 41. f4 Rd7 42. Re6+ Kf7 43. g5 Kg7 44. Kg3 Rd8 45. h4 Kh7 46. h5 1-0

[Event "FRA-chT U20 GpA 1213"]
[Site "France"]
[Date "2013.01.04"]
[Round "4"]
[White "Allonge, Nicolas"]
[Black "Lavault, Samuel"]
[Result "0-1"]
[WhiteElo "1515"]
[BlackElo "1368"]
[PlyCount "96"]
[EventDate "2012.12.01"]
[EventType "team"]
[EventRounds "7"]
[EventCountry "FRA"]
[SourceTitle "EXT 2014"]
[Source "ChessBase"]
[SourceDate "2013.11.20"]
[SourceVersion "1"]
[SourceVersionDate "2013.11.20"]
[SourceQuality "1"]
[WhiteTeam "Nancy (U20)"]
[BlackTeam "Grenoble (U20)"]
[WhiteTeamCountry "FRA"]
[BlackTeamCountry "FRA"]

1. d4 Nf6 2. c4 e6 3. Nc3 Bb4 4. f3 d5 5. a3 Bxc3+ 6. bxc3 0-0 7. e3 b6 8. cxd5 Nxd5 9. Bd3 h6 10. Ne2 Bb7 11. e4 Ne7 12. 0-0 Nbc6 13. Ng3 Nxd4 14. Be3 Ndc6 15. f4 Ng6 16. Qe2 Qe7 17. Bc2 Rfd8 18. f5 exf5 19. exf5 Ba6 20. c4 Bxc4 21. Qxc4 Qxe3+ 22. Kh1 Nge5 23. Qh4 Qg5 24. Qxg5 hxg5 25. Be4 Rac8 26. Rfe1 f6 27. h3 Ne7 28. Rac1 c5 29. Red1 c4 30. Nf1 Kf8 31. Ne3 b5 32. Nc2 Nd3 33. Bxd3 Rxd3 34. Rb1 a6 35. Nb4 Rxa3 36. Rd6 Rb3 37. Rxb3 cxb3 38. Rd1 a5 39. Nd3 a4 40. Ra1 Rc3 41. Nb2 Rc2 42. Nd3 b2 43. Rb1 a3 44. Nxb2 Rxb2 45. Ra1 a2 46. Kh2 b4 47. Kg3 b3 48. Kf3 Rb1 0-1

[Event "FRA-chT U20 GpA 1213"]
[Site "France"]
[Date "2012.12.02"]
[Round "3"]
[White "Huguet, Alexandre"]
[Black "Allonge, Nicolas"]
[Result "0-1"]
[WhiteElo "1370"]
[BlackElo "1515"]
[PlyCount "52"]
[EventDate "2012.12.01"]
[EventType "team"]
[EventRounds "7"]
[EventCountry "FRA"]
[SourceTitle "EXT 2014"]
[Source "ChessBase"]
[SourceDate "2013.11.20"]
[SourceVersion "1"]
[SourceVersionDate "2013.11.20"]
[SourceQuality "1"]
[WhiteTeam "Vandoeuvre U20"]
[BlackTeam "Nancy (U20)"]
[WhiteTeamCountry "FRA"]
[BlackTeamCountry "FRA"]

1. d4 d5 2. Nf3 Nc6 3. e3 Bg4 4. Nbd2 e6 5. b3 Nf6 6. Bd3 Bb4 7. a3 Be7 8. 0-0 Qd7 9. Bb2 0-0-0 10. Qe1 h6 11. Ne5 Nxe5 12. dxe5 Nh7 13. f4 f6 14. Qg3 f5 15. h3 Bh5 16. a4 g5 17. a5 gxf4 18. exf4 Rhg8 19. Qf2 Qc6 20. Qxa7 Bc5+ 21. Qxc5 Qxc5+ 22. Kh1 Rg3 23. a6 bxa6 24. Rxa6 Rdg8 25. Rg1 Rxh3+ 26. gxh3 Qxg1# 0-1